000 00318nam a2200133Ia 4500
008 230917s9999||||xx |||||||||||||| ||und||
040 _e157771
_aMAIN
041 _aEnglish
082 _a970 H782H
245 0 _aHorizon. 11 (5); 1960
260 _aNew York
_bAmerican Horizon
_c1960
300 _a137 p.
942 _cBK
999 _c233115
_d233115